Odčitatelná položka od základu daně z příjmů při nákupu investičního majetku

Odpočet dane z príjmov podľa zákona ČNR č. 586/1992 Sb.

Na minha lista:
Detalhes bibliográficos
Formato: Capítulo de Livro
Idioma:tcheco
Assuntos:
Tags: Adicionar Tag
Sem tags, seja o primeiro a adicionar uma tag!

MARC

LEADER 00000naa a2200000 4500
001 r017862
005 20221208131522.5
041 0 |a cze 
044 |a CZ 
245 1 0 |a Odčitatelná položka od základu daně z příjmů při nákupu investičního majetku 
520 |a Odpočet dane z príjmov podľa zákona ČNR č. 586/1992 Sb. 
610 2 0 |a dane z príjmov 
610 2 0 |a dane 
610 2 0 |a zákony 
610 2 0 |a 1992 
610 2 0 |a Česko